logo

Bir Sreshtho Munshi Abdur Rouf Library
Jhenaidah Cadet College

গণিতের রাজ্যে π / (Record no. 10841)

MARC details
000 -LEADER
fixed length control field 00699nam a2200229 4500
001 - CONTROL NUMBER
JCCL Control Number 10841
003 - CONTROL NUMBER IDENTIFIER
JCCL marc code BD-JhCC
005 - DATE AND TIME OF LATEST TRANSACTION
control field 20191031134007.0
008 - FIXED-LENGTH DATA ELEMENTS--GENERAL INFORMATION
fixed length control field 190521b20192011bd ||||| a||| 00| 0 ben d
020 ## - INTERNATIONAL STANDARD BOOK NUMBER
International Standard Book Number 9847009601347
035 ## - SYSTEM CONTROL NUMBER
system control number (BD-JhCC)10841
040 ## - CATALOGING SOURCE
Original cataloging agency BD-JhCC
Modifying agency BD-JhCC
041 ## - LANGUAGE CODE
Language code of Book ben
082 ## - DEWEY DECIMAL CLASSIFICATION NUMBER
Author mark and Year GON 2019
Classification number 510
245 ## - TITLE STATEMENT
Title গণিতের রাজ্যে π /
Statement of responsibility, etc সম্পাদনায় সুব্রত দেব নাথ
260 ## - PUBLICATION, DISTRIBUTION, ETC. (IMPRINT)
Place of publication, distribution, etc ঢাকা,বাংলাদেশ:
Name of publisher, distributor, etc তাম্রলিপি,
Date of publication, distribution, etc 2019.
300 ## - PHYSICAL DESCRIPTION
Pagination 143 p.
650 ## - SUBJECT ADDED ENTRY--TOPICAL TERM
Topical term or geographic name as entry element Mathematics
700 ## - ADDED ENTRY--PERSONAL NAME
Personal name নাথ, সুব্রত দেব
942 ## - ADDED ENTRY ELEMENTS (KOHA)
Source of classification or shelving scheme Dewey Decimal Classification
Koha item type Books
Koha issues (borrowed), all copies 2
Holdings
Source of classification or shelving scheme Damaged status Not for loan Home library Current library Shelving location Date of accession Cost, normal purchase price Total Checkouts Full call number Barcode Date last seen Date checked out Copy number Koha item type
Dewey Decimal Classification     JCC Rouf Library JCC Rouf Library General Stacks 06/11/2019 180.00 1 510 GON 2019 14814 11/13/2019 10/30/2019 C-1 Books

JCC Library | Contacts | JCC Home

Last Update on 23 September 2017
Copyright @ 2017-2020 JCC Rouf Library
Rouf Library, Jhenidah Cadet College (JCC), Bangladesh